000 00322nam a22001337a 4500
008 170905b xxu||||| |||| 00| 0 eng d
020 _a9780155043077
041 _aeng
080 _a070
100 _a40
101 _aMED
245 _aTHE COMPOSITION OF EVERYDAY LIFE A GUIDE WRITING
_cMAUK.J
942 _2udc
_cBK
999 _c26092
_d26092